000 00743nam a2200241Ia 4500
003 OSt
005 20220926042844.0
006 a|||||r|||| 00| 0
007 ta
008 220923b |||||||| |||| 00| 0 eng d
037 _cGeneral Book
040 _aRTL
_cRTL
_beng
041 _2eng
_aeng
082 _aX:533.1.N6, K4.1
110 _aCommittee for Economic Development, Research and Policy (Committee of-)
_9346457
245 0 _aTrade negotiations for a better free world economy
260 _c1964
300 _a85.+S33p
_ccm.
650 _aTrade
700 _aCommittee for Economic Development, Research and Policy (Committee of-)
_9346458
942 _hX:533.1.N6, K4.1
_cGB
_2CC
999 _c670693
_d670693